000
00283nam a2200133Ia 4500
100
_a
Yavorsky/B.M
942
_c
BK
654
_a
handbook
245
_a
Modern Hand Book Of Physics
260
_b
Mir Publishers
_a
Moscow
_c
1982
082
_a
530
300
_a
712
546
_a
ENGLISH
999
_c
29187
_d
29187